Metodika racionalizácie práce

Na minha lista:
Detalhes bibliográficos
Formato: Livro
Idioma:eslovaco
Publicado em: Bratislava Práca 1981
Edição:2. preprac. vyd.
Tags: Adicionar Tag
Sem tags, seja o primeiro a adicionar uma tag!

MARC

LEADER 00000nam a2200000 4500
001 c119136
005 20050301104046.5
041 0 |a slo 
044 |a SK 
245 1 0 |a Metodika racionalizácie práce 
250 |a 2. preprac. vyd. 
264 1 |a Bratislava  |b Práca  |c 1981 
300 |a 364 s.